| 000 | 00955nam a2200289Ia 4500 | ||
|---|---|---|---|
| 001 | H4901 | ||
| 003 | IT-RoPAU | ||
| 008 | 130308s9999 xx 000 0 und d | ||
| 040 | _aIT-RoPAU | ||
| 040 | _cIT-RoPAU | ||
| 041 | _aITALIANO | ||
| 100 | _aLischi Sandra | ||
| 100 | _gCodice Aut. SPICS: 4594 | ||
| 245 | _aUna tela di pittore eternamente fresca. Alcune riflessioni su cinema, videoarte e pittura | ||
| 245 | _bCinema / Pittura. Dinamiche di Scambio | ||
| 250 | _a1a ed. | ||
| 260 | _aTORINO | ||
| 260 | _bLindau | ||
| 260 | _c2003 [1° Ed.:2003 - Ed.Ling.Originale:2003] | ||
| 300 | _a"14 p. (prefazione: no ; testo: 14 [pagine: 197-210])" | ||
| 500 | _aVedere con la Mano. L'Immagine in punta di Dita. Pittura Come Memoria e Mondo. Cornici Infrante, Cornici Ritrovate. Video, Stadio Odierno della Pittura? | ||
| 650 | _aSAGGI SUL CINEMA | ||
| 650 | _eCodice materia Spics: 6811 | ||
| 942 | _cBK | ||
| 957 | _71 | ||
| 999 |
_c84186 _d84186 |
||
| 999 | _g1 | ||